| Tag |
First Indicator |
Second Indicator |
Subfields |
| LEADER |
00000cam a2200000 4500 |
| 001 |
in00000060311 |
| 005 |
20151007082525.0 |
| 008 |
720920s1957 eng u |
| 010 |
|
|
|a 57006908
|
| 035 |
|
|
|a (OCoLC)00410936
|
| 035 |
|
|
|9 AAF8007AM
|
| 040 |
|
|
|c WSU
|d TXA
|d UtOrBLW
|
| 049 |
|
|
|a TXAM
|c [305498]
|
| 050 |
|
0 |
|a DS740.5.R8
|b C5
|
| 092 |
|
|
|a 327.51
|b C627h
|
| 100 |
1 |
|
|a Cheng, Tianfang,
|d 1899-1967.
|
| 245 |
1 |
2 |
|a A history of Sino-Russian relations.
|
| 264 |
|
1 |
|a Washington :
|b Public Affairs Press,
|c [1957]
|
| 300 |
|
|
|a 389 pages
|
| 336 |
|
|
|a text
|b txt
|2 rdacontent
|
| 337 |
|
|
|a unmediated
|b n
|2 rdamedia
|
| 338 |
|
|
|a volume
|b nc
|2 rdacarrier
|
| 504 |
|
|
|a Bibliography: pages 376-381.
|
| 651 |
|
0 |
|a China
|x Foreign relations
|z Soviet Union.
|
| 651 |
|
0 |
|a Soviet Union
|x Foreign relations
|z China.
|
| 999 |
|
|
|a MARS
|
| 999 |
f |
f |
|s de5b0f6a-851f-373c-99bd-87b5324e1827
|i 9d3ed93f-9ce9-3616-92fe-90cf3104cd5d
|t 0
|
| 952 |
f |
f |
|p normal
|a Texas A&M University
|b College Station
|c Sterling C. Evans Library
|d Evans: Library Stacks
|t 0
|e DS740.5.R8 C5
|h Library of Congress classification
|i unmediated -- volume
|m A14800676183
|
| 998 |
f |
f |
|a DS740.5.R8 C5
|t 0
|l Evans: Library Stacks
|